| 000 -LEADER |
| fixed length control field |
00903nam a2200241Ia 4500 |
| 001 - CONTROL NUMBER |
| control field |
15722 |
| 003 - CONTROL NUMBER IDENTIFIER |
| control field |
GE_BSU |
| 008 - FIXED-LENGTH DATA ELEMENTS--GENERAL INFORMATION |
| fixed length control field |
181216s||||||||xx |||||||||||||| ||und|| |
| 040 ## - CATALOGING SOURCE |
| Transcribing agency |
GE_BSU |
| 080 ## - UNIVERSAL DECIMAL CLASSIFICATION NUMBER |
| Universal Decimal Classification number |
821.353.1-32 + 821.353.1-31 |
| 100 ## - MAIN ENTRY--PERSONAL NAME |
| Personal name |
წულეისკირი, ნოდარ |
| 245 ## - TITLE STATEMENT |
| Title |
დავით აღმაშენებლის ქვა |
| 245 ## - TITLE STATEMENT |
| Remainder of title |
მოთხრობები და რომანი |
| 245 ## - TITLE STATEMENT |
| Statement of responsibility, etc. |
რედ.ც.ჩხაიძე. მხატვ.სპ.ცინცაძე |
| 250 ## - EDITION STATEMENT |
| Edition statement |
I-ლი-მე-2 გამოცემა |
| 260 ## - PUBLICATION, DISTRIBUTION, ETC. |
| Place of publication, distribution, etc. |
თბილისი |
| 260 ## - PUBLICATION, DISTRIBUTION, ETC. |
| Name of publisher, distributor, etc. |
ნაკადული |
| 260 ## - PUBLICATION, DISTRIBUTION, ETC. |
| Date of publication, distribution, etc. |
1990 |
| 300 ## - PHYSICAL DESCRIPTION |
| Extent |
455 გვ. : ილ. ; 20 სმ |
| 653 ## - INDEX TERM--UNCONTROLLED |
| Uncontrolled term |
დავით აღმაშენებლის ქვა |
| 653 ## - INDEX TERM--UNCONTROLLED |
| Uncontrolled term |
მოთხრობები და რომანი |
| 942 ## - ADDED ENTRY ELEMENTS (KOHA) |
| Koha item type |
წიგნი |